000 00604nam a2200217 a 4500
999 _c3410
_d3410
001 3410
003 BD-JhCC
005 20171113184415.0
008 171113s1968 bg |||| ||a| 00| 0 en d
035 _a(BD-JhCC)3410
040 _aBD-JhCC
_dBD-JhCC
041 _aben
082 _a891.442
_bRAH 1968
100 _aরহমান, আব্দুর
245 _aসুখের আর এক নাম /
_cআব্দুর রহমান
260 _aঢাকা :
_bশ্রবনী,
_c1968.
300 _a168 p. :
_c22 cm.
650 _aBengali Drama
942 _2ddc
_cBK